Equipe du FC Nantes ( saison 2024-2025 ) - Statistiques

Statistiques générales
  • Ce quiz a été pris 11 fois
  • Le résultat moyen est 22 sur 34
Statistiques - réponses
Poste Numéro Nationalité Joueur % Correct
G 1 Cote d'ivoire Alban Lafont
100%
G 16 Portugal Anthony Lopes
100%
AC 39 France Matthis Abline
100%
AG 27 Nigeria Moses Simon
100%
AC 31 Egypte Mostafa Mohamed
100%
DC 44 France Nathan Zézé
100%
MDC 5 Espagne Pedro Chirivella
100%
MDC 8 France Johann Lepenant
90%
DC 4 France Nicolas Pallois
90%
AG 62 France Herba Guirassy
80%
DC 21 Cameroun Jean-Charles Castelletto
80%
DD 11 Guadeloupe Marcus Coco
80%
DG 3 France Nicolas Cozza
80%
G 30 Suède Patrik Carlgren
80%
DD 98 France Kelvin Amian
70%
MC 66 France Louis Leroux
70%
AC 10 Zimbabwe Tino Kadewere
70%
MC 6 Brésil Douglas Augusto
60%
DD 18 France Fabien Centonze
60%
MDC 13 France Francis Coquelin
60%
DC 2 Haïti Jean-Kévin Duverne
60%
MC 59 France Dehmaine Tabibou
50%
MOC 25 France Florent Mollet
50%
AC 7 Cameroun Ignatius Ganago
50%
AD 22 Pays de Galles Sorba Thomas
50%
AG 54 Comores Adel Mahamoud
40%
G 50 France Hugo Barbet
40%
DD 41 Madagascar Mathieu Acapandié
40%
DC 72 France Sékou Doucouré
40%
DC 46 France Enzo Mongo
30%
DC 17 Cote d'ivoire Jean-Philippe Gbamin
30%
AC 17 République démocratique du Congo Meschack Elia
30%
DC 24 Guinée Saïdou Sow
30%
AC 58 République démocratique du Congo Plamedi Nsingi
10%
Aucun quiz correspondant
Distribution des résultats
% des personnes avec chaque résultat
Percentile par nombre de réponses
Votre historique - résultats
Vous n’avez pas pris ce quiz